000 01661nam a2200265Ia 4500
003 CO-CtgCURN
005 20250410182438.0
008 190723s9999 xx 000 0 und d
020 _a9583359246
040 _aCO-CtgCURN
_bspa
_ccoctgcurn
082 _a347.05
_bL864p
100 _aLópez Blanco, Hernán Fabio
_eautor
_96793
245 0 _aProcedimiento civil :
_bparte especial /
_cHernán Fabio López Blanco
260 _aBogotá, Colombia :
_bDupre,
_c2004
300 _a995 páginas ;
_c21 centímetros.
505 _aCap.1. De los procesos en particular -- Cap.2. De los procesos declarativos o de conocimiento -- Cap.3. Del proceso abreviado -- Cap.4. Del proceso verbal -- Cap.5. Del proceso verbal sumario -- Cap.6. Del proceso de expropiación -- Cap.7. Del proceso de deslinde y amojonamiento -- Cap.8. De los procesos divisorios -- Cap.9. Las acciones populares y de grupo -- Cap.10. Del proceso de ejecución -- Cap.11. De los procesos de liquidación -- Cap.12. De los procesos de jurisdicción voluntaria -- Cap.13. Del proceso arbitral -- Cap.14. Del proceso para el cumplimiento de sentencias o laudos dictados en el extranjero o exequátur -- Cap.15. De las medidas cautelares y las cauciones.
521 _aAREA PROFESIONAL
590 _aPrograma de Derecho_18
650 _aProcedimiento civil
_96794
942 _cBK
_h347.05
_iL864p
_01
_2ddc
_n0
999 _c29650
_d29650